Normal view
MARC view
Entry Personal Name
001 - CONTROL NUMBER
- control field: 14628
003 - CONTROL NUMBER IDENTIFIER
- control field: BD-RjUL
005 - DATE AND TIME OF LATEST TRANSACTION
- control field: 20241209110803.0
008 - FIXED-LENGTH DATA ELEMENTS
- fixed length control field: 241209|| aca||aabn | a|a d
040 ## - CATALOGING SOURCE
- Original cataloging agency: BD-RjUL
- Transcribing agency: BD-RjUL
100 ## - HEADING--PERSONAL NAME
- Dates associated with a name: 1184-1291 Ad. 1828-1906 Ad
670 ## - SOURCE DATA FOUND
- Source citation: Work cat.: (BD-RjUL)84487: Akhter, Tanjila 14627, Ibsen studies in Bangladesh :, 2023